000 01248pab a2200157 454500
008 180718b2004 xxu||||| |||| 00| 0 eng d
100 _aRamanathan, usha
245 _aCommunities at risk: industrial risk in Indian law
260 _c2004
300 _ap.4521-527.
362 _a9 Oct
520 _aIndustrial risk was a dormant concern till it precipitated into the Bhopal Gas Disaster in December 1984. The sitting of industrial risk, and its exiling, have been part of law, policy and practice over the 20 years since Bhopal. There is, however, an incoherence in the development of law and policy. The anxiety about risk and hazard exists, but legal imagination has not been able to cope with the consequences of either leaving risk where it is, or exiling it. The courts do not possess the equipment needed to work out the reorganisation of spaces to minimise, or outlaw, risk. Yet, when the question of risk and hazard is taken to the court, the judiciary cannot turn away. It has sometimes refused to be definitive, and sometimes shown a tolerance of risk, asking of persons resident around risk to become superior risk bearers. - Reproduced.
650 _aOccupational safety
773 _aEconomic and Political Weekly
909 _a62870
999 _c62870
_d62870